| 000 -LEADER |
| fixed length control field |
01257cam a2200277 i 4500 |
| 001 - CONTROL NUMBER |
| control field |
19151518 |
| 005 - DATE AND TIME OF LATEST TRANSACTION |
| control field |
20221105215808.0 |
| 008 - FIXED-LENGTH DATA ELEMENTS--GENERAL INFORMATION |
| fixed length control field |
160624s2017 mdua b 001 0 eng |
| 020 ## - INTERNATIONAL STANDARD BOOK NUMBER |
| International Standard Book Number |
9781598579796 ( pbk.) 1 |
| 041 ## - LANGUAGE CODE |
| Language code of text/sound track or separate title |
eng |
| 080 ## - UNIVERSAL DECIMAL CLASSIFICATION NUMBER |
| Universal Decimal Classification number |
616.89-008.434 T-82 |
| 245 00 - TITLE STATEMENT |
| Title |
Treatment of language disorders in children / |
| Statement of responsibility, etc. |
edited by Rebecca J. McCauley, Marc E. Fey, Ronald B. Gillam, |
| 250 ## - EDITION STATEMENT |
| Edition statement |
Second edition. |
| 264 #4 - PRODUCTION, PUBLICATION, DISTRIBUTION, MANUFACTURE, AND COPYRIGHT NOTICE |
| Date of production, publication, distribution, manufacture, or copyright notice |
2017. |
| Place of production, publication, distribution, manufacture |
Baltimore : |
| Name of producer, publisher, distributor, manufacturer |
Brookes Publishing, |
| 300 ## - PHYSICAL DESCRIPTION |
| Extent |
520 pages : |
| Other physical details |
illustrations ; |
| Dimensions |
26 cm + |
| Accompanying material |
1 DVD (4 3/4 in.). |
| 490 0# - SERIES STATEMENT |
| Series statement |
Communication and language intervention series |
| 650 #0 - SUBJECT ADDED ENTRY--TOPICAL TERM |
| Topical term or geographic name entry element |
Language disorders in children. |
| 9 (RLIN) |
1049 |
| 650 #0 - SUBJECT ADDED ENTRY--TOPICAL TERM |
| Topical term or geographic name entry element |
Language disorders in children |
| General subdivision |
Treatment. |
| 9 (RLIN) |
10703 |
| 650 #7 - SUBJECT ADDED ENTRY--TOPICAL TERM |
| Topical term or geographic name entry element |
EDUCATION / Special Education / Communicative Disorders. |
| Source of heading or term |
bisacsh |
| 9 (RLIN) |
10704 |
| 653 ## - INDEX TERM--UNCONTROLLED |
| keyword |
ბავშვებში ენის დარღვევების მკურნალობა |
| 653 ## - INDEX TERM--UNCONTROLLED |
| keyword |
მედიცინა |
| 700 1# - ADDED ENTRY--PERSONAL NAME |
| Personal name |
McCauley, Rebecca Joan, |
| Dates associated with a name |
1952- |
| Relator term |
რედაქტორი |
| 9 (RLIN) |
10705 |
| 700 1# - ADDED ENTRY--PERSONAL NAME |
| Personal name |
Fey, Marc E., |
| Dates associated with a name |
1952- |
| Relator term |
რედაქტორი |
| 9 (RLIN) |
10706 |
| 700 1# - ADDED ENTRY--PERSONAL NAME |
| Personal name |
Gillam, Ronald B. |
| Fuller form of name |
(Ronald Bradley), |
| Dates associated with a name |
1955- |
| Relator term |
რედაქტორი |
| 9 (RLIN) |
10707 |
| 942 ## - ADDED ENTRY ELEMENTS (KOHA) |
| Source of classification or shelving scheme |
|
| Koha item type |
წიგნი |